Diferencias entre las reglas de exclusin̤ probatoria colombiana e internacional penal

Detalles Bibliográficos
Autor principal: Ramr̕ez-Mendoza, Joel M. F.
Formato: eBook
Publicado: Colombia: Editorial Universidad de Rosario, 2015.
Materias:
Acceso en línea:Acceso restringido

MARC

LEADER 00000nam a22000007a 4500
005 20161109152723.0
007 cr|||| ||u|
008 161109s2015 Ck |||||o|||| 001 0 Spa d
020 |a  9789587386578 
035 |a 14546 
040 |a vLex 
090 |c 6393  |d 6393 
100 1 |a Ramr̕ez-Mendoza, Joel M. F. 
245 1 |a Diferencias entre las reglas de exclusin̤ probatoria colombiana e internacional penal  |h [Recurso electrn̤ico] /  |c Joel M. F. Ramr̕ez-Mendoza. 
256 |a Servicio en ln̕ea 
260 |a Colombia:  |b Editorial Universidad de Rosario,  |c 2015. 
300 |a 1 Recurso electrn̤ico 
506 1 |a Disponible en los productos indicados  |d vLex Global  |d vLex Global (Academic Edition, excluding Law Schools)  |d vLex Global (U.S. Academic Edition, Law Schools)  |d vLex Global (U.S. Academic Edition, excluding Law Schools)  |d vLex Global (Academic Edition, Law Schools) 
650 0 4 |a Derecho penal  |z Colombia 
650 0 4 |a Derecho internacional 
740 0 |a vLex libros (servicio en ln̕ea) 
856 4 0 |u http://vlex.com/source/diferencias-entre-las-reglas-de-exclusion-probatoria-colombiana-e-internacional-penal-14546  |z Acceso restringido 
942 |c BOOK 
999 0 |a Criminal law 
999 0 |a International law